| 000 | 00645nam a2200205 4500 | ||
|---|---|---|---|
| 003 | CO-ViMGA | ||
| 020 | _a9789681818012 | ||
| 040 |
_aCO-ViMGA _bspa _cCO-ViMGA |
||
| 082 | 0 | 4 |
_a658.3 _bA12a |
| 100 | 1 |
_aAcevedo Ibañez, Alejandro _94190 |
|
| 245 | 1 | 0 |
_aAprender Jugando 1 / _bdinámicas vivenciales para capacitación, docencia y consultoría / _cAlejandro Acevedo Ibañez |
| 260 |
_aMéxico : _bLimusa, _c2014. |
||
| 300 |
_a237 p. : _bil. ; 21cm. |
||
| 500 | _aIncluye índice | ||
| 650 | 1 | 4 |
_aCompetencia _94304 |
| 650 | 1 | 4 |
_aComunicación interpersonal _94303 |
| 650 | 1 | 4 |
_aLiderazgo _9432 |
| 650 | 1 | 4 |
_aProductividad _91328 |
| 942 |
_cBK _2ddc |
||
| 999 |
_c35691 _d35691 |
||